[Event "Stay Safe Play From Home 357"]
[Site "Emanuel Lasker Arena"]
[Date "2020.08.04"]
[Round "1"]
[White "Lazieri3"]
[Black "Timbre"]
[Result "1-0"]
[WhiteElo "2024"]
[BlackElo "1622"]
[Annotator "TA"]
[PlyCount "69"]
[EventDate "2020.08.04"]
[EventType "swiss (blitz)"]

{[%evp 15,68,42,42,29,39,17,18,0,6,16,30,28,51,25,30,30,34,30,31,23,40,0,130,129,177,155,219,215,265,268,261,230,246,208,204,154,299,166,198,173,332,292,541,535,599,595,602,602,597,581,582,585,29997,29998,29999]} 1. e4 c6 2. Nc3 d5 3. d4 dxe4 4. Nxe4 Bf5 5. Ng3 Bg6 6. Nf3 Nd7 7. Bd3 Ngf6 {is more profitable than 7...Bxd3 at the moment.} 8. Bxg6 hxg6 9. c3 {B18: Classical Caro-Kann: 4...Bf5 sidelines.} e6 10. Bf4 Qb6 {[#]} 11. Qb3 $146 {The position is equal.} ({Predecessor:} 11. Qc2 Nh5 12. Nxh5 Rxh5 13. O-O Nf6 14. Ne5 Qc7 15. Rfe1 O-O-O 16. b4 Ng4 17. Qe4 Nxe5 18. Bxe5 {1-0 (36) Arnhold,K (1979)-Thomas,G (1828) Prague 2020}) 11... Qxb3 12. axb3 a6 13. b4 Nb6 14. Ne5 Nbd5 15. Bd2 Bd6 16. h3 Bxe5 17. dxe5 Nd7 18. f4 {[#]} N7b6 (18... g5 $1 $11 {[%mdl 512]}) 19. b3 $16 {White stays focused until the end.} Rh4 20. O-O Ne7 (20... f5 $16 21. c4 Ne7) 21. Ne4 $18 Nf5 22. g4 Ne7 23. Nd6+ Kf8 24. Nxb7 Rxh3 25. Kg2 Rh7 (25... Rd3 $16 {was worth a try.}) 26. Be3 (26. c4 $142) 26... Nbd5 {[#]} 27. Bd4 $1 Re8 $2 (27... f5) 28. Rxa6 f6 $2 (28... f5 29. exf6 gxf6) 29. Nd6 Rd8 30. Kg3 fxe5 31. fxe5+ Kg8 32. Nf7 Rf8 33. Rf2 Rxf7 34. Ra8+ Rf8 35. Rfxf8# {Accuracy: White = 76%, Black = 41%.} 1-0

[Event "Stay Safe Play From Home 357"]
[Site "Emanuel Lasker Arena"]
[Date "2020.08.04"]
[Round "1"]
[White "Dukic"]
[Black "Klasman"]
[Result "1-0"]
[WhiteElo "1924"]
[BlackElo "1570"]
[Annotator "TA"]
[PlyCount "61"]
[EventDate "2020.08.04"]
[EventType "swiss (blitz)"]

{[%evp 9,61,23,56,57,54,56,79,16,164,170,148,163,338,320,320,112,232,227,278,223,255,124,864,860,867,873,837,819,1002,895,1076,916,902,893,1072,1046,1057,1040,1252,-329,-328,-324,-98,-95,29,31,39,7,4,0,450,449,702,221]} 1. c4 f5 2. Nc3 Nf6 3. d3 e6 4. e4 fxe4 5. dxe4 Bb4 6. e5 {A10: English Opening: Unusual Replies for Black.} Ne4 $1 {[%cal Re4c3] [#]} 7. Qc2 $146 ({Predecessor:} 7. Qf3 Nxc3 8. bxc3 Bc5 9. Bd3 Qe7 10. Nh3 d6 11. Bg5 Qf7 12. Qe4 Bd7 13. exd6 cxd6 14. Qxb7 {0-1 (26) Finnsson,J (1711)-Hallsson,J (1695) Reykjavik 2018}) 7... d5 8. Bd3 ({Better is} 8. exd6 $16 Nxc3 9. bxc3 Bxd6 10. Bd3) 8... Qh4 (8... Nd7 $11 {and Black is okay.}) 9. Nf3 $18 (9. Bxe4 Qxe4+ 10. Qxe4 Bxc3+ 11. bxc3 dxe4 $11) 9... Bxc3+ 10. bxc3 Qg4 $2 (10... Qh5 11. Ba3 (11. Bxe4 dxe4 12. Qxe4 Nc6 $16) 11... Na6 12. cxd5 exd5) 11. O-O O-O {intending ...Rxf3.} 12. h3 $2 (12. Nd4 $18 {and White stays clearly on top.}) 12... Qg6 (12... Qh5 $16 13. Bxe4 dxe4 14. Qxe4 Qf5) 13. Nd4 {cxd5 is the strong threat.} c5 14. Ne2 Nc6 {[#]} 15. f3 (15. Nf4 $1 $18 {[%cal Rf4g6] is the precise move to win.} Qf7 16. f3 Nxe5 17. fxe4 dxc4 18. Be2) 15... Ng3 $2 {[%mdl 8192]} (15... Nxe5 $16 16. Nf4 {[%mdl 64] Double Attack} (16. fxe4 Rxf1+ 17. Kxf1 dxc4 $17) 16... Qg3) 16. Bxg6 Nxe2+ 17. Qxe2 hxg6 18. Bg5 Rf5 19. f4 Bd7 20. Rad1 d4 21. Qe4 Raf8 22. g4 R5f7 23. Qxg6 Ne7 24. cxd4 $4 {[%mdl 8192]} (24. Bxe7 $18 {and all is fine.} Rxe7 25. cxd4) 24... Nxg6 $19 25. d5 exd5 $2 (25... Nxf4 $19 {is more deadly.} 26. Kh2 Ng6 27. Rxf7 Rxf7) 26. cxd5 $17 {And now e6 would win.} Bb5 (26... Nxf4 $17 27. Bxf4 Rxf4 28. Rxf4 Rxf4) 27. e6 $11 Rxf4 $1 28. Bxf4 Bxf1 29. Bd6 Rf3 $2 {[%mdl 8192]} (29... Bc4 $11 30. Bxf8 Kxf8) 30. Rxf1 $18 Rxh3 (30... Rd3 $142 31. Bxc5 Rxd5) 31. Kg2 $2 {Accuracy: White = 49%, Black = 15%.} (31. Bxc5 Rg3+ {[#]} 32. Kh2 $1 {[%mdl 512]}) 1-0

[Event "Stay Safe Play From Home 357"]
[Site "Emanuel Lasker Arena"]
[Date "2020.08.04"]
[Round "1"]
[White "All4tactics"]
[Black "akshayj"]
[Result "1-0"]
[WhiteElo "1809"]
[BlackElo "1339"]
[Annotator "NA RC"]
[PlyCount "37"]
[EventDate "2020.08.04"]
[EventType "swiss (blitz)"]

1. e4 {[%emt 0:00:10]} e5 {[%emt 0:00:03]} 2. Nf3 {[%emt 0:00:03]} Nc6 {[%emt 0:00:00]} 3. Bc4 {[%emt 0:00:02]} Bc5 {[%emt 0:00:02]} 4. b4 {[%emt 0:00:03]} Bxb4 {[%emt 0:00:05]} 5. c3 {[%emt 0:00:01]} Be7 {[%emt 0:00:03]} 6. d4 {[%emt 0:00:02]} exd4 {[%emt 0:00:01]} 7. cxd4 {[%emt 0:00:02]} Nf6 {[%emt 0:00:01]} 8. e5 {[%emt 0:00:02]} Ng8 {[%emt 0:00:08]} 9. O-O {[%emt 0:00:12]} d6 {[%emt 0:00:01]} 10. exd6 {[%emt 0:00:01]} Bxd6 {[%emt 0:00:01]} 11. Re1+ {[%emt 0:00:02]} Nge7 {[%emt 0:00:01]} 12. Ng5 {[%emt 0:00:04]} O-O {[%emt 0:00:05]} 13. Qd3 {[%emt 0:00:43]} Ng6 {[%emt 0:00:06]} 14. Nc3 {[%emt 0:00:13]} Nce7 {[%emt 0:00:10]} 15. h4 {[%emt 0:00:05]} Bf5 {[%emt 0:00:02]} 16. Nce4 {[%emt 0:00:02]} Bxe4 {[%emt 0:00:04]} 17. Qxe4 {[%emt 0:00:02]} Re8 {[%emt 0:00:03]} 18. Bxf7+ {[%emt 0:00:04]} Kf8 {[%emt 0:00:04]} 19. Qf3 {[%emt 0:00:10] akshayj resigns akshayj resigns akshayj resigns akshayj resigns akshayj resigns (Lag: Av=0.62s, max=1.3s) (Lag: Av=0.62s, max=1.3s) (Lag: Av=0.62s, max=1.3s) (Lag: Av=0.62s, max=1.3s) (Lag: Av=0.62s, max=1.3s)} 1-0

[Event "Stay Safe Play From Home 357"]
[Site "Emanuel Lasker Arena"]
[Date "2020.08.04"]
[Round "1"]
[White "Stepmaker"]
[Black "Haris kollari 13"]
[Result "0-1"]
[WhiteElo "1507"]
[BlackElo "1897"]
[Annotator "NA RC"]
[PlyCount "80"]
[EventDate "2020.08.04"]
[EventType "swiss (blitz)"]

1. d4 {[%emt 0:01:50]} d6 {[%emt 0:00:06]} 2. Nf3 {[%emt 0:00:01]} Bg4 {[%emt 0:00:02]} 3. c4 {[%emt 0:00:02]} e6 {[%emt 0:00:03]} 4. Nc3 {[%emt 0:00:01]} Nf6 {[%emt 0:00:01]} 5. Bg5 {[%emt 0:00:01]} Be7 {[%emt 0:00:01]} 6. e3 {[%emt 0:00:01]} c6 {[%emt 0:00:01]} 7. Qb3 {[%emt 0:00:01]} Qd7 {[%emt 0:00:03]} 8. Be2 {[%emt 0:00:00]} Bf5 {[%emt 0:00:10]} 9. O-O {[%emt 0:00:01]} h6 {[%emt 0:00:01]} 10. Bh4 {[%emt 0:00:02]} O-O {[%emt 0:00:04]} 11. Bg3 {[%emt 0:00:01]} Na6 {[%emt 0:00:02]} 12. Qc2 {[%emt 0:00:02]} Bxc2 {[%emt 0:00:02]} 13. Rac1 {[%emt 0:00:01]} Bg6 {[%emt 0:00:02]} 14. Na4 {[%emt 0:00:01]} Nc7 {[%emt 0:00:03]} 15. b3 {[%emt 0:00:01]} a5 {[%emt 0:00:03]} 16. Nc3 {[%emt 0:00:01]} Rab8 {[%emt 0:00:02]} 17. Nd2 {[%emt 0:00:02]} Bh5 {[%emt 0:00:05]} 18. f3 {[%emt 0:00:02]} Bg6 {[%emt 0:00:01]} 19. Bf2 {[%emt 0:00:01]} b5 {[%emt 0:00:02]} 20. e4 {[%emt 0:00:03]} bxc4 {[%emt 0:00:02]} 21. Nxc4 {[%emt 0:00:01]} Nb5 {[%emt 0:00:05]} 22. Nxa5 {[%emt 0:00:05]} Ra8 {[%emt 0:00:15]} 23. Nxb5 {[%emt 0:00:08]} Rxa5 {[%emt 0:00:02]} 24. Nc3 {[%emt 0:00:03]} Rfa8 {[%emt 0:00:03]} 25. a4 {[%emt 0:00:02]} Rb8 {[%emt 0:00:02]} 26. Rb1 {[%emt 0:00:06]} Ra7 {[%emt 0:00:03]} 27. b4 {[%emt 0:00:07]} Rab7 {[%emt 0:00:02]} 28. b5 {[%emt 0:00:01]} cxb5 {[%emt 0:00:01]} 29. axb5 {[%emt 0:00:01]} d5 {[%emt 0:00:03]} 30. e5 {[%emt 0:00:02]} Ne8 {[%emt 0:00:03]} 31. Rb2 {[%emt 0:00:02]} Rc8 {[%emt 0:00:04]} 32. Na4 {[%emt 0:00:05]} Ba3 {[%emt 0:00:06]} 33. Rb3 {[%emt 0:00:02]} Be7 {[%emt 0:00:04]} 34. Be1 {[%emt 0:00:11]} Rc2 {[%emt 0:00:02]} 35. Bd1 {[%emt 0:00:11]} Rc1 {[%emt 0:00:06]} 36. Ba5 {[%emt 0:00:11]} Rxb5 {[%emt 0:00:07]} 37. Rxb5 {[%emt 0:00:06]} Qxb5 {[%emt 0:00:02]} 38. Bd2 {[%emt 0:00:07]} Rxd1 {[%emt 0:00:02]} 39. Rxd1 {[%emt 0:00:02]} Qxa4 {[%emt 0:00:01]} 40. Rf1 {[%emt 0:00:04]} Qxd4+ {[%emt 0:00:01] Stepmaker resigns Stepmaker resigns Stepmaker resigns Stepmaker resigns Stepmaker resigns} 0-1

[Event "Stay Safe Play From Home 357"]
[Site "Emanuel Lasker Arena"]
[Date "2020.08.04"]
[Round "1"]
[White "Dreamsoldier"]
[Black "Padmaesh M K"]
[Result "0-1"]
[WhiteElo "1338"]
[BlackElo "1755"]
[Annotator "NA RC"]
[PlyCount "56"]
[EventDate "2020.08.04"]
[EventType "swiss (blitz)"]

1. e4 {[%emt 0:00:02]} c5 {[%emt 0:00:03]} 2. Nf3 {[%emt 0:00:01]} d5 {[%emt 0:00:01]} 3. Nc3 {[%emt 0:00:00]} d4 {[%emt 0:00:01]} 4. Ne2 {[%emt 0:00:02]} Nc6 {[%emt 0:00:02]} 5. d3 {[%emt 0:00:01]} e5 {[%emt 0:00:01]} 6. Ng3 {[%emt 0:00:00]} Nf6 {[%emt 0:00:01]} 7. Be2 {[%emt 0:00:00]} Be7 {[%emt 0:00:02]} 8. Bg5 {[%emt 0:00:00]} O-O {[%emt 0:00:01]} 9. Bxf6 {[%emt 0:00:00]} Bxf6 {[%emt 0:00:01]} 10. Nf5 {[%emt 0:00:00]} Bxf5 {[%emt 0:00:05]} 11. exf5 {[%emt 0:00:01]} Re8 {[%emt 0:00:03]} 12. Nd2 {[%emt 0:00:01]} Qd5 {[%emt 0:00:03]} 13. O-O {[%emt 0:00:01]} Ne7 {[%emt 0:00:02]} 14. Bf3 {[%emt 0:00:01]} Qd7 {[%emt 0:00:02]} 15. Ne4 {[%emt 0:00:04]} Qxf5 {[%emt 0:00:04]} 16. Nxc5 {[%emt 0:00:01]} Rab8 {[%emt 0:00:04]} 17. Be4 {[%emt 0:00:05]} Qg5 {[%emt 0:00:05]} 18. Nxb7 {[%emt 0:00:04]} Ng6 {[%emt 0:00:01]} 19. Nd6 {[%emt 0:00:03]} Red8 {[%emt 0:00:05]} 20. Nc4 {[%emt 0:00:03]} Nf4 {[%emt 0:00:09]} 21. b3 {[%emt 0:00:48]} h5 {[%emt 0:00:10]} 22. g3 {[%emt 0:00:05]} h4 {[%emt 0:00:06]} 23. Qf3 {[%emt 0:00:04]} g6 {[%emt 0:00:20]} 24. Kh1 {[%emt 0:00:02]} Nh5 {[%emt 0:00:06]} 25. g4 {[%emt 0:00:02]} Nf4 {[%emt 0:00:03]} 26. h3 {[%emt 0:00:09]} Be7 {[%emt 0:00:06]} 27. Bd5 {[%emt 0:00:12]} Rxd5 {[%emt 0:00:07]} 28. Rg1 {[%emt 0:00:02]} Rc5 {[%emt 0:00:21] Dreamsoldier terk eder Dreamsoldier terk eder Dreamsoldier terk eder Dreamsoldier terk eder Dreamsoldier terk eder (Lag: Av=0.51s, max=1.3s) (Lag: Av=0.51s, max=1.3s) (Lag: Av=0.51s, max=1.3s) (Lag: Av=0.51s, max=1.3s) (Lag: Av=0.51s, max=1.3s)} 0-1

[Event "Stay Safe Play From Home 357"]
[Site "Emanuel Lasker Arena"]
[Date "2020.08.04"]
[Round "2"]
[White "Haxhi Baha"]
[Black "All4tactics"]
[Result "0-1"]
[WhiteElo "2010"]
[BlackElo "1812"]
[Annotator "TA"]
[PlyCount "58"]
[EventDate "2020.08.04"]
[EventType "swiss (blitz)"]

{[%evp 25,57,0,0,-12,21,11,19,16,41,18,38,27,34,-30,-33,-111,-111,-114,-86,-111,-109,-121,-114,-106,-48,-332,-341,-415,-205,-747,-736,-29998,-29999,-29999]} 1. e4 c5 2. Nf3 Nc6 3. d4 cxd4 4. Nxd4 e5 5. Nb5 d6 6. N1c3 a6 7. Na3 b5 8. Nd5 Nf6 9. Bg5 Be7 10. Bxf6 Bxf6 11. c3 O-O 12. Bd3 Bg5 13. Nc2 Ne7 14. Nce3 {B33: Sicilian: Pelikan and Sveshnikov Variations.} Bxe3 15. Nxe3 Be6 16. O-O {The position is equal.} g6 {[#]} 17. Qf3 $146 ({Predecessor:} 17. a4 bxa4 18. Rxa4 a5 19. Bc4 Qc7 20. Qd2 Qd7 21. Rfa1 f5 22. Nd5 Nxd5 23. Bxd5 {1-0 (59) Brkic,D (2183)-Kristovic,M (2327) Zagreb 2008}) 17... f5 18. Qh3 Qd7 19. Qh6 (19. exf5 $1 $14 Nxf5 20. Nxf5 Bxf5 21. Bxf5 Rxf5 22. Qd3) 19... f4 $11 20. Nd5 (20. Nc2 $15) 20... Nxd5 $17 21. exd5 Bf5 22. Rad1 e4 23. Bc2 Rae8 $1 {aiming for ...e3.} 24. Rd4 {[#]} f3 (24... e3 $1 $17 25. Bxf5 Rxf5 26. fxe3 fxe3) 25. g4 $2 {[%mdl 8192] Now White is beyond hope.} (25. Qe3 $15) 25... Bxg4 $19 {Threatens to win with ...Bh3.} 26. Re1 {If only White now had time for Qh4....} Bf5 $40 {[%mdl 128] Black is out for blood.} (26... Bh5 $142 {( -> ...Qg4+)} 27. Qg5 {[#]} e3 $1 {[%mdl 576] Promotion}) 27. Bxe4 $2 (27. Re3) 27... Bxe4 28. Rdxe4 {[#]} Qg4+ $1 {[%mdl 576] Deflection, Back Rank} 29. Rxg4 Rxe1# {Accuracy: White = 31%, Black = 58%.} 0-1

[Event "Stay Safe Play From Home 357"]
[Site "Emanuel Lasker Arena"]
[Date "2020.08.04"]
[Round "2"]
[White "Haris kollari 13"]
[Black "Lazieri3"]
[Result "1-0"]
[WhiteElo "1901"]
[BlackElo "2027"]
[Annotator "NA RC"]
[PlyCount "67"]
[EventDate "2020.08.04"]
[EventType "swiss (blitz)"]

1. e4 {[%emt 0:00:01]} c5 {[%emt 0:00:30] Lazieri3 offers a draw} 2. Nf3 {[%emt 0:00:02]} Nc6 {[%emt 0:00:02]} 3. d4 {[%emt 0:00:03]} Nxd4 {[%emt 0:02:15]} 4. Nxd4 {[%emt 0:00:02]} cxd4 {[%emt 0:00:01]} 5. Qxd4 {[%emt 0:00:01]} Nf6 {[%emt 0:00:00]} 6. Nc3 {[%emt 0:00:02]} d6 {[%emt 0:00:01]} 7. Bg5 {[%emt 0:00:03]} e6 {[%emt 0:00:03]} 8. O-O-O {[%emt 0:00:03]} Be7 {[%emt 0:00:01]} 9. Bxf6 {[%emt 0:00:07]} Bxf6 {[%emt 0:00:05]} 10. Qxd6 {[%emt 0:00:02]} Qxd6 {[%emt 0:00:02]} 11. Rxd6 {[%emt 0:00:01]} Bxc3 {[%emt 0:00:01]} 12. bxc3 {[%emt 0:00:02]} Ke7 {[%emt 0:00:02]} 13. Rd4 {[%emt 0:00:03]} Bd7 {[%emt 0:00:02]} 14. Be2 {[%emt 0:00:02]} Bc6 {[%emt 0:00:02]} 15. f3 {[%emt 0:00:01]} Rhc8 {[%emt 0:00:01]} 16. Rhd1 {[%emt 0:00:02]} Rc7 {[%emt 0:00:01]} 17. Kb2 {[%emt 0:00:02]} Rac8 {[%emt 0:00:01]} 18. c4 {[%emt 0:00:02]} a6 {[%emt 0:00:04]} 19. R4d2 {[%emt 0:00:02]} Ba4 {[%emt 0:00:05]} 20. Bd3 {[%emt 0:00:03]} b5 {[%emt 0:00:01]} 21. cxb5 {[%emt 0:00:02]} axb5 {[%emt 0:00:00]} 22. f4 {[%emt 0:00:08]} g6 {[%emt 0:00:03]} 23. g4 {[%emt 0:00:02]} h5 {[%emt 0:00:01]} 24. gxh5 {[%emt 0:00:02]} gxh5 {[%emt 0:00:01]} 25. h4 {[%emt 0:00:01]} Rc3 {[%emt 0:00:05]} 26. a3 {[%emt 0:00:06]} f6 {[%emt 0:00:06]} 27. Rg1 {[%emt 0:00:05]} R8c5 {[%emt 0:00:02]} 28. Rg7+ {[%emt 0:00:03]} Kf8 {[%emt 0:00:02]} 29. Rh7 {[%emt 0:00:08]} Kg8 {[%emt 0:00:02]} 30. Re7 {[%emt 0:00:03]} e5 {[%emt 0:00:02]} 31. fxe5 {[%emt 0:00:02]} fxe5 {[%emt 0:00:00]} 32. Re6 {[%emt 0:00:09]} Kf7 {[%emt 0:00:03]} 33. Rd6 {[%emt 0:00:01]} Ke7 {[%emt 0:00:01]} 34. Rh6 {[%emt 0:00:01] Time Time Time Time Time (Lag: Av=0.78s, max=1.3s) (Lag: Av=0.78s, max=1.3s) (Lag: Av=0.78s, max=1.3s) (Lag: Av=0.78s, max=1.3s) (Lag: Av=0.78s, max=1.3s)} 1-0

[Event "Stay Safe Play From Home 357"]
[Site "Emanuel Lasker Arena"]
[Date "2020.08.04"]
[Round "2"]
[White "Padmaesh M K"]
[Black "Dukic"]
[Result "0-1"]
[WhiteElo "1758"]
[BlackElo "1928"]
[Annotator "TA"]
[PlyCount "28"]
[EventDate "2020.08.04"]
[EventType "swiss (blitz)"]

{[%evp 9,28,-93,-118,-240,-235,-249,-227,-254,-264,-442,-426,-531,-377,-873,-850,-832,-728,-913,-905,-1544,-1535]} 1. d4 c6 2. c4 d6 3. e4 Nd7 4. f4 e5 {[#]} 5. fxe5 $146 ({Predecessor:} 5. Nf3 Qc7 6. Bd3 Ngf6 7. Nc3 g6 8. h3 Bg7 9. Be3 Nh5 10. fxe5 dxe5 11. O-O {0-1 (20) Sosovicka,V (1814)-Beres,L (2095) Slovakia 2017}) 5... Qh4+ {[%mdl 64] Double Attack} 6. g3 {B12: Caro-Kann: Advance Variation.} (6. Kd2 $17) 6... Qxe4+ $19 {[%mdl 64] Double Attack} 7. Qe2 Qxh1 8. exd6+ {[#]Black is clearly better.} Kd8 $1 9. Be3 $2 (9. Nd2 {was the only chance.} Qxg1 10. Nf3) 9... Bxd6 10. Nc3 Ngf6 11. d5 $2 (11. O-O-O Re8 12. Nf3) 11... Re8 {Black is clearly winning.} 12. dxc6 bxc6 13. Rd1 {[#]} Bc5 $1 14. Rxd7+ (14. Bxc5 Rxe2+) 14... Nxd7 {White did not feel at home in the position after the opening.} 0-1

[Event "Stay Safe Play From Home 357"]
[Site "Emanuel Lasker Arena"]
[Date "2020.08.04"]
[Round "2"]
[White "Klasman"]
[Black "Joroger"]
[Result "0-1"]
[WhiteElo "1566"]
[BlackElo "1666"]
[Annotator "NA RC"]
[PlyCount "82"]
[EventDate "2020.08.04"]
[EventType "swiss (blitz)"]

1. f4 {[%emt 0:00:02]} d5 {[%emt 0:00:07]} 2. e3 {[%emt 0:00:03]} Nf6 {[%emt 0:00:03]} 3. Nf3 {[%emt 0:00:01]} e6 {[%emt 0:00:03]} 4. c4 {[%emt 0:00:01]} c5 {[%emt 0:00:02]} 5. Nc3 {[%emt 0:00:01]} Be7 {[%emt 0:00:02]} 6. d4 {[%emt 0:00:01]} O-O {[%emt 0:00:02]} 7. Bd2 {[%emt 0:00:01]} Qc7 {[%emt 0:00:03]} 8. Ne5 {[%emt 0:00:11]} cxd4 {[%emt 0:00:04]} 9. exd4 {[%emt 0:00:02]} Nc6 {[%emt 0:00:01]} 10. h3 {[%emt 0:00:15]} Nxd4 {[%emt 0:00:06]} 11. Be3 {[%emt 0:00:18]} Nc6 {[%emt 0:00:19]} 12. Nb5 {[%emt 0:00:23]} Qa5+ {[%emt 0:00:14]} 13. Bd2 {[%emt 0:00:04]} Bb4 {[%emt 0:00:08]} 14. Nc3 {[%emt 0:00:06]} d4 {[%emt 0:00:10]} 15. Nxc6 {[%emt 0:00:16]} bxc6 {[%emt 0:00:04]} 16. Ne2 {[%emt 0:00:05]} c5 {[%emt 0:00:08]} 17. Ng3 {[%emt 0:00:11]} Bb7 {[%emt 0:00:08]} 18. a3 {[%emt 0:00:09]} Bxd2+ {[%emt 0:00:03]} 19. Qxd2 {[%emt 0:00:01]} Qxd2+ {[%emt 0:00:05]} 20. Kxd2 {[%emt 0:00:01]} h5 {[%emt 0:00:07]} 21. Rg1 {[%emt 0:00:06]} h4 {[%emt 0:00:03]} 22. Ne2 {[%emt 0:00:15]} Ne4+ {[%emt 0:00:11]} 23. Kd3 {[%emt 0:00:17]} a5 {[%emt 0:00:02]} 24. g4 {[%emt 0:00:08]} hxg3 {[%emt 0:00:25]} 25. Nxg3 {[%emt 0:00:04]} Nxg3 {[%emt 0:00:01]} 26. Rxg3 {[%emt 0:00:01]} g6 {[%emt 0:00:00]} 27. Be2 {[%emt 0:00:09]} Kg7 {[%emt 0:00:02]} 28. h4 {[%emt 0:00:01]} Rh8 {[%emt 0:00:06]} 29. h5 {[%emt 0:00:04]} Kf6 {[%emt 0:00:01]} 30. hxg6 {[%emt 0:00:05]} fxg6 {[%emt 0:00:01]} 31. Rag1 {[%emt 0:00:02]} Rag8 {[%emt 0:00:01]} 32. Rg5 {[%emt 0:00:06]} Rh3+ {[%emt 0:00:05]} 33. Kd2 {[%emt 0:00:07]} Rb3 {[%emt 0:00:08]} 34. Kc2 {[%emt 0:00:09]} Re3 {[%emt 0:00:04]} 35. Bd3 {[%emt 0:00:02]} Be4 {[%emt 0:00:04]} 36. Bxe4 {[%emt 0:00:16]} Rxe4 {[%emt 0:00:01]} 37. Rxc5 {[%emt 0:00:01]} Rxf4 {[%emt 0:00:01]} 38. Rxa5 {[%emt 0:00:01]} e5 {[%emt 0:00:04]} 39. c5 {[%emt 0:00:04]} Rf2+ {[%emt 0:00:06]} 40. Kd1 {[%emt 0:00:06]} Rxb2 {[%emt 0:00:04]} 41. Ra6+ {[%emt 0:00:01]} Kf5 {[%emt 0:00:01] Time Time Time Time Time (Lag: Av=0.48s, max=0.7s) (Lag: Av=0.48s, max=0.7s) (Lag: Av=0.48s, max=0.7s) (Lag: Av=0.48s, max=0.7s) (Lag: Av=0.48s, max=0.7s)} 0-1

[Event "Stay Safe Play From Home 357"]
[Site "Emanuel Lasker Arena"]
[Date "2020.08.04"]
[Round "3"]
[White "Lazieri3"]
[Black "All4tactics"]
[Result "0-1"]
[WhiteElo "2004"]
[BlackElo "1837"]
[Annotator "TA"]
[PlyCount "22"]
[EventDate "2020.08.04"]
[EventType "swiss (blitz)"]

{[%evp 8,8,-30]} 1. e4 c5 2. Nc3 e6 3. d3 d5 4. Nf3 d4 {[#] An uneventful encounter.} {Predecessor:} 5. Nb5 $146 Qa5+ 6. Qd2 {B23: Closed Sicilian: Lines without g3.} Qxb5 7. Qf4 Nf6 8. Be2 Be7 9. O-O Nbd7 10. b3 O-O 11. Qg3 Nh5 {0-1 (44) Chin,P-Curwin,N (1547) Couva 2019} 0-1

[Event "Stay Safe Play From Home 357"]
[Site "Emanuel Lasker Arena"]
[Date "2020.08.04"]
[Round "3"]
[White "Dukic"]
[Black "Haris kollari 13"]
[Result "1-0"]
[WhiteElo "1937"]
[BlackElo "1924"]
[Annotator "NA RC"]
[PlyCount "125"]
[EventDate "2020.08.04"]
[EventType "swiss (blitz)"]

1. c4 {[%emt 0:00:04]} b6 {[%emt 0:00:02]} 2. Nc3 {[%emt 0:00:01]} Bb7 {[%emt 0:00:01]} 3. d4 {[%emt 0:00:01]} g6 {[%emt 0:00:02]} 4. e4 {[%emt 0:00:01]} Bg7 {[%emt 0:00:01]} 5. f3 {[%emt 0:00:01]} Nc6 {[%emt 0:00:06]} 6. Be3 {[%emt 0:00:01]} a6 {[%emt 0:00:08]} 7. Nge2 {[%emt 0:00:02]} h5 {[%emt 0:00:03]} 8. Qd2 {[%emt 0:00:01]} e6 {[%emt 0:00:10]} 9. Bg5 {[%emt 0:00:16]} f6 {[%emt 0:00:03]} 10. Be3 {[%emt 0:00:03]} Qe7 {[%emt 0:00:02]} 11. d5 {[%emt 0:00:06]} Ne5 {[%emt 0:00:01]} 12. Nd4 {[%emt 0:00:15]} O-O-O {[%emt 0:00:04]} 13. Be2 {[%emt 0:00:08]} Bh6 {[%emt 0:00:08]} 14. f4 {[%emt 0:00:31]} Ng4 {[%emt 0:00:01]} 15. Bg1 {[%emt 0:00:09]} e5 {[%emt 0:00:04]} 16. g3 {[%emt 0:00:02]} exf4 {[%emt 0:00:07]} 17. gxf4 {[%emt 0:00:05]} Re8 {[%emt 0:00:07]} 18. O-O-O {[%emt 0:00:02]} g5 {[%emt 0:00:08]} 19. Nf5 {[%emt 0:00:05]} Qf7 {[%emt 0:00:07]} 20. h3 {[%emt 0:00:04]} Ne5 {[%emt 0:00:22]} 21. fxe5 {[%emt 0:00:05]} Rxe5 {[%emt 0:00:02]} 22. Nxh6 {[%emt 0:00:02]} Nxh6 {[%emt 0:00:01]} 23. Bd4 {[%emt 0:00:08]} Re7 {[%emt 0:00:02]} 24. Rdf1 {[%emt 0:00:04]} Ng8 {[%emt 0:00:01]} 25. Rf2 {[%emt 0:00:09]} c5 {[%emt 0:00:01]} 26. Be3 {[%emt 0:00:08]} Qg6 {[%emt 0:00:04]} 27. Rhf1 {[%emt 0:00:06]} d6 {[%emt 0:00:12]} 28. Bd3 {[%emt 0:00:07]} Qg7 {[%emt 0:00:08]} 29. Qe2 {[%emt 0:00:07]} Rh6 {[%emt 0:00:02]} 30. Qf3 {[%emt 0:00:01]} Rf7 {[%emt 0:00:04]} 31. Qg3 {[%emt 0:00:02]} Kc7 {[%emt 0:00:09]} 32. e5 {[%emt 0:00:17]} dxe5 {[%emt 0:00:06]} 33. Ne4 {[%emt 0:00:02]} Rg6 {[%emt 0:00:09]} 34. Be2 {[%emt 0:00:19]} h4 {[%emt 0:00:11]} 35. Qg2 {[%emt 0:00:04]} Qh7 {[%emt 0:00:10]} 36. Bg4 {[%emt 0:00:02]} Rh6 {[%emt 0:00:13]} 37. Bf5 {[%emt 0:00:04]} Qg7 {[%emt 0:00:04]} 38. Be6 {[%emt 0:00:02]} Re7 {[%emt 0:00:04]} 39. d6+ {[%emt 0:00:07]} Kb8 {[%emt 0:00:07]} 40. dxe7 {[%emt 0:00:01]} Nxe7 {[%emt 0:00:01]} 41. Qg4 {[%emt 0:00:09]} Nc6 {[%emt 0:00:05]} 42. Rxf6 {[%emt 0:00:04]} Rxf6 {[%emt 0:00:20]} 43. Rxf6 {[%emt 0:00:07]} Qe7 {[%emt 0:00:05]} 44. Qxg5 {[%emt 0:00:03]} Ka7 {[%emt 0:00:01]} 45. Qg6 {[%emt 0:00:04]} Nd8 {[%emt 0:00:02]} 46. Bd5 {[%emt 0:00:05]} Bxd5 {[%emt 0:00:08]} 47. cxd5 {[%emt 0:00:01]} Qc7 {[%emt 0:00:07]} 48. Rd6 {[%emt 0:00:02]} Nb7 {[%emt 0:00:03]} 49. Re6 {[%emt 0:00:02]} Qd8 {[%emt 0:00:02]} 50. Qf6 {[%emt 0:00:01]} Qg8 {[%emt 0:00:01]} 51. Re7 {[%emt 0:00:01]} Qg3 {[%emt 0:00:02]} 52. Nxg3 {[%emt 0:00:02]} hxg3 {[%emt 0:00:01]} 53. Qg7 {[%emt 0:00:00]} a5 {[%emt 0:00:01]} 54. Rxb7+ {[%emt 0:00:01]} Ka6 {[%emt 0:00:00]} 55. Rxb6+ {[%emt 0:00:01]} Kxb6 {[%emt 0:00:01]} 56. Qe7 {[%emt 0:00:01]} Kb5 {[%emt 0:00:00]} 57. Qxc5+ {[%emt 0:00:01]} Ka6 {[%emt 0:00:00]} 58. d6 {[%emt 0:00:01]} g2 {[%emt 0:00:02]} 59. d7 {[%emt 0:00:01]} Kb7 {[%emt 0:00:01]} 60. d8=Q {[%emt 0:00:02]} g1=Q+ {[%emt 0:00:00]} 61. Bxg1 {[%emt 0:00:02]} a4 {[%emt 0:00:02]} 62. Qdc7+ {[%emt 0:00:01]} Ka6 {[%emt 0:00:01]} 63. Q5a5# {[%emt 0:00:02] (Lag: Av=0.40s, max=0.8s) (Lag: Av=0.40s, max=0.8s) (Lag: Av=0.40s, max=0.8s) (Lag: Av=0.40s, max=0.8s) (Lag: Av=0.40s, max=0.8s)} 1-0